Pippi tất dài

محفوظ في:
التفاصيل البيبلوغرافية
المؤلف الرئيسي: Lindgren, Astrid
التنسيق: كتاب
اللغة:Undetermined
منشور في: Hà Nội Văn học 2007
الموضوعات:
الوسوم: إضافة وسم
لا توجد وسوم, كن أول من يضع وسما على هذه التسجيلة!
Thư viện lưu trữ: Trung tâm Học liệu Trường Đại học Cần Thơ
LEADER 00621nam a2200217Ia 4500
001 CTU_128100
008 210402s9999 xx 000 0 und d
020 |c 54000 
082 |a 839.7 
082 |b L745 
100 |a Lindgren, Astrid 
245 0 |a Pippi tất dài 
245 0 |c Astrid Lindgren; Vũ Hương Giang dịch 
260 |a Hà Nội 
260 |b Văn học 
260 |c 2007 
650 |a Swedish literature,Văn học Thụy Điển 
650 |x Văn học 
650 |y 20th century,Thế kỷ 20 
904 |i Tuyến 
980 |a Trung tâm Học liệu Trường Đại học Cần Thơ